LEADER 00955nam0-2200253 --450 001 9910208154703321 005 20170626110504.0 100 $a20170620d1814----kmuy0itay5050 ba 101 0 $aita 102 $aIT 200 1 $aElementi di matematica composti per uso della Reale Accademia militare dal professore ... Vito Caravelli 205 $aEdizione 9 fatta in Febbrajo 1814 (pił corretta, ed accresciuta) 210 $aIn Napoli$cA spese di Luca Marotta, e dal medesimo si vendono ... alla Strada di S. Biaggio de' libraj n. 119$d1814 215 $av.$d20 cm 327 0 $aTomo 1 676 $a510$v22$zita 700 1$aCaravelli,$bVito$f<1724-1800 >$0129319 801 0$aIT$bUNINA$gREICAT$2UNIMARC 901 0$aAQ 912 $a9910208154703321 952 0$aSG 500/A 5$bBibl.$fFLFBC 959 0$aFLFBC 996 $aElementi di matematica composti per uso della Reale Accademia militare dal professore ... Vito Caravelli$91467781 997 $aUNINA